Films avec Marina Foïs par image - Statistiques

Statistiques générales
  • Ce quiz a été pris 142 fois
  • Le résultat moyen est 6 sur 16
Statistiques - réponses
Par images Réponse % Correct
RRRrrrr!!!
91%
Astérix et Obélix : Mission Cléopâtre
89%
La Tour Montparnasse infernale
88%
Boule et Bill
82%
Polisse
63%
Papa ou Maman
40%
L'Année du requin
20%
Enorme
19%
Le Grand Bain
19%
L'Immortel
17%
Un ticket pour l'espace
17%
La Syndicaliste
13%
Une intime conviction
11%
100% cachemire
8%
Darling
8%
Gaspard va au mariage
3%
Aucun quiz correspondant
Distribution des résultats
% des personnes avec chaque résultat
Percentile par nombre de réponses
Votre historique - résultats
Vous n’avez pas pris ce quiz